Statistics for Movie Quotes #1

Click here to take the quiz!

General Stats

  • This quiz has been taken 11 times
    (10 since last reset)
  • The average score is 12 of 20

Answer Stats

QuoteMovie% Correct
You're gonna need a bigger boat.Jaws
100%
No, I am your father.Star Wars: The Empire Strikes Back
100%
I'll be back.Terminator
100%
I'm going to make him an offer he can't refuse.The Godfather
78%
Toto, I've got a feeling we're not in Kansas anymore.The Wizard of Oz
78%
I feel the need - The need for speed!Top Gun
78%
I love the smell of napalm in the morning!Apocalypse Now
67%
We'll always have Paris.Casablanca
67%
Rosebud.Citizen Kane
67%
Frankly, my dear, I don't give a damn.Gone with the Wind
67%
A census taker once tried to test me. I ate his liver with some fava beans and a nice Chianti.The Silence of the Lambs
67%
All right, Mr. DeMille. I'm ready for my close-up.Sunset Boulevard
56%
There was an idea... To bring together a group of remarkable people to see if they could become something more.The Avengers
56%
The greatest trick the devil ever pulled was convincing the world he didn't exist.The Usual Suspects
56%
You met me at a very strange time of my life.Fight Club
44%
Life moves pretty fast. If you don't stop and look around once in a while, you could miss it.Ferris Bueller's Day Off
33%
Sorry, I had to go see about a girl.Good Will Hunting
33%
Which would be worse? To live as a monster or die as a good man?Shutter Island
22%
You can't repeat the past. - Can't repeat the past? - No! - Why of course you can.The Great Gatsby
22%
You better lawyer up asshole. Cause I'm not coming back for 30%, I'm coming back for everything.The Social Network
22%

Score Distribution

Percentile by Number Answered

Percent of People with Each Score

Your Score History

You have not taken this quiz since the last reset